| 000 | 00575nam a22001937a 4500 | ||
|---|---|---|---|
| 003 | 0 | ||
| 005 | 20240923162221.0 | ||
| 008 | 240923b xxu||||| |||| 00| 0 eng d | ||
| 020 | _a978-621-427-073-6 | ||
| 050 |
_aTK 5105.5 _b.P66 |
||
| 100 | _aPomperada, Jake R. | ||
| 245 |
_aIntroduction to computer networking _cPomperada, Jake R. |
||
| 260 |
_aManila _bUnlimited books library services & publishing _cC2020 |
||
| 300 |
_ax, 241p. : _c26cm. |
||
| 500 | _aComputer networks. | ||
| 500 | _aInternet. | ||
| 650 | _aIncludes bibliographical references. | ||
| 942 |
_2lcc _cBK |
||
| 999 |
_c366371 _d366371 |
||